Normal view
MARC view
Entry Personal Name
001 - CONTROL NUMBER
- control field: 68005
003 - CONTROL NUMBER IDENTIFIER
- control field: OSt
005 - DATE AND TIME OF LATEST TRANSACTION
- control field: 20170704122900.0
008 - FIXED-LENGTH DATA ELEMENTS
- fixed length control field: 170704|| aca||aabn | a|a d
040 ## - CATALOGING SOURCE
- Original cataloging agency: OSt
- Transcribing agency: OSt
100 ## - HEADING--PERSONAL NAME
- Personal name: सिंह,उषा रानी
670 ## - SOURCE DATA FOUND
- Source citation: Work cat.: (OSt)9603: सिंह,उषा रानी , स्मृति , 1994









